Revista de derecho

Bibliographic Details
Format: eBook
Language:Spanish
Published: Santiago de Chile : Escuela de Postgrado de la Universidad de Chile, 2011 -
Subjects:
Online Access:Acceso restringido

MARC

LEADER 00000nam a22000007a 4500
005 2012090608208.0
007 cr|||| ||||
008 120906c20119999cl |||| s|||| 0||| 1spa d
035 |a 6652 
040 |a vLex 
090 |c 3385  |d 3385 
245 1 0 |a Revista de derecho  |h [Recurso electrn̤ico]  
256 |a Servicio en ln̕ea 
260 |a Santiago de Chile :  |b Escuela de Postgrado de la Universidad de Chile,  |c 2011 - 
300 |a 1 recurso electrn̤ico 
321 |a Irregular 
362 |a Nm︢. 1 (2011) - 
506 1 |a Contenido solo disponible en los productos indicados  |d vLex Global   |d vLex Global (Academic Edition, excluding Law Schools)   |d vLex Global (U.S. Academic Edition, Law Schools)   |d vLex Global (U.S. Academic Edition, excluding Law Schools)   |d vLex Global (Academic Edition, Law Schools)  
650 0 4 |a Jursiprudencia  |z Chile 
650 0 4 |a Derecho  |z Chile 
740 0 |a vLex Revistas (Servicio en ln̕ea) 
856 4 0 |u http://vlex.com/source/revista-derecho-6652  |z Acceso restringido 
942 |c REV 
999 0 |a Jurisprudence 
999 0 |a Law